Regulatory Impact assessment (RIA) - základný inštitucionálny rámec hodnotenia vládnych regulácií v podmienkach SR

Charakteristika RIA (Regulatory impact assessment). Zodpovedné orgány v rámci RIA. Výhody a nevýhody Regulatory impact assessment.

Gespeichert in:
Bibliographische Detailangaben
1. Verfasser: Janošková, Katarína
Weitere Verfasser: Kráľ, Pavol
Format: Buchkapitel
Sprache:Slowakisch
Schlagworte:
Tags: Tag hinzufügen
Keine Tags, Fügen Sie das erste Tag hinzu!

MARC

LEADER 00000naa a2200000 4500
001 0181651
005 20231207075330.9
041 0 |a slo 
044 |a SK 
245 1 0 |a Regulatory Impact assessment (RIA) - základný inštitucionálny rámec hodnotenia vládnych regulácií v podmienkach SR  |c Katarína Janošková, Pavol Kráľ 
520 |a Charakteristika RIA (Regulatory impact assessment). Zodpovedné orgány v rámci RIA. Výhody a nevýhody Regulatory impact assessment. 
610 2 0 |a regulácia hospodárska 
610 2 0 |a Slovensko 
610 2 0 |a financie verejné 
610 2 0 |a spolupráca medzinárodná 
100 1 |a Janošková, Katarína 
700 1 |a Kráľ, Pavol